Statistiques concernant Carte topologique des provinces belges

Cliquez ici pour prendre le quiz!

Statistiques générales

  • Ce quiz a été pris 98 fois
  • Le résultat moyen est 9 sur 11

Réponses sur la Carte

Les réponses sont colorées sur une échelle allant du rouge au vert en fonction du pourcentage des utilisateurs qui les ont devinées à leur premier essai. Vous pouvez retrouver ces pourcentages ci-dessous.
 

Statistiques - réponses

Réponse% Correct
Bruxelles
96%
Luxembourg
91%
Anvers
83%
Flandre-Occidentale
83%
Liège
83%
Limbourg
83%
Brabant Flamand
81%
Flandre-Orientale
81%
Namur
81%
Hainaut
79%
Brabant Wallon
70%

Distribution des résultats

Percentile par nombre de réponses

% des personnes avec chaque résultat

Votre développement - résultats

Vous n’avez pas pris ce quiz